000 00384nam a22001697a 4500
003 MPLRDC
005 20220104123816.0
008 210129b ||||| |||| 00| 0 eng d
082 _a856.9 AN-2*
100 _a阿浓著
245 _a青果二集
_c
250 _a初版
260 _a
_b天地图书有限公司
_c1984
300 _b
650 _a
942 _cBK
_o856.9 AN-2*
999 _c14369
_d14359